• 首页
  • 本馆介绍
  • 公告通知
  • 最新文献
  • 馆藏检索
  • 电子资源
  • 读者导购
  • 参考咨询
  • 我的图书馆
  • 登录
  • 详细信息显示
  • 放入我的书架
  • 预约/预借图书
  • 作者相关作品
  • 分类相关作品
  • 丛书相关作品
  • 出版社相关作品

书目信息

  • 表格格式
  • 工作单格式
  • 卡片格式
题名:
水力学
    
 
作者: ;西南交通大学 , 哈尔滨建工学院 编
分册:  
出版信息: 北京   人民教育出版社  1979
页数: 374页
开本: 19cm
丛书名:
单 册:
中图分类: TV13
科图分类:
主题词: 水力学--高等学校--教材
电子资源:
ISBN:
000 00685nam0 2200241 45
001 0179006918
005 20060802170042.48
010    @dCNY1.00
091    @a15012.0164
100    @a19950727d1979 em y0chiy0121 ea
101 0  @achi
102    @aCN@b110000
105    @ay z 000yy
200 10 @a水力学@Ashui li xue@f西南交通大学, 哈尔滨建工学院编
210    @a北京@c人民教育出版社@d1979
215    @a374页@d19cm
300    @a高等学校试用教材
606    @a水力学@x高等学校@x教材
690    @aTV13@v3
711 02 @a西南交通大学@Axi nan jiao tong da xue@4编
711 02 @a哈尔滨建工学院@Aha er bin jian gong xue yuan@4编
801  0 @aCN@bTSSF@c20060802
905    @a10447@dTV13@e20
    
    水力学/西南交通大学, 哈尔滨建工学院编.-北京:人民教育出版社,1979
    374页;19cm
    高等学校试用教材
    
    ISBN :CNY1.00
    
●
相关链接 在E读中查询图书 在五车中查询图书 在当当中查询图书 在豆瓣中查询图书


正题名:水力学     索取号:TV13/20         预约/预借

序号 登录号 条形码 馆藏地/架位号 状态 备注
1 0439170   204391700   密集书库/ [索取号:TV13/20] 在馆    
2 0439564   204395644   密集书库/ [索取号:TV13/20] 在馆    
3 0439565   204395653   密集书库/ [索取号:TV13/20] 在馆    
4 0439566   204395662   密集书库/ [索取号:TV13/20] 在馆    
5 0439567   204395671   密集书库/ [索取号:TV13/20] 在馆    
唐山师范学院图书馆 欢迎您!
大连网信软件有限公司© 版权所有